000 00619nam a22002057a 4500
999 _c16251
_d16251
003 AR-CdUCM
008 190502b ||||| |||| 00| 0 spa d
040 _aMUNICIPALIDAD PROVINCIAL DEL CUSCO
_cBIBLIOTECA MUNICIPAL DEL CUSCO
082 _a828.8 /
_bM12 / 1943
100 _aMacaulay, Lord
_935588
245 _aReforma parlamentaria /
260 _aBuenos Aires :
_bTor,
_c1943.
300 _a127 páginas ;
_c18 cm.
505 _aContenido : Reforma parlamentaria.
650 _aHistoria
_9246
650 _aLiteratura
_983
700 _aLopez, Daniel
_935589
942 _2ddc
_cLIBROS
945 _arah
_d02/05/2019